000 00202nam a2200085 4500
001 1255135
005 20251204125530.0
245 _aORMAN DÜNYA EFSANESİ
_cŞABAN ÇUMAN
260 _bGENÇ TİMAŞ YAYINLARI
999 _c1255135
_d1255135